Escrivint ràpid de la A a la Z - Statistics

General Stats
  • This quiz has been taken 22 times
  • The average score is 25 of 26
Answer Stats
Lletra % Correct
A
100%
B
100%
C
100%
D
100%
E
100%
F
100%
G
100%
H
100%
I
100%
J
100%
K
100%
L
100%
M
100%
N
100%
O
100%
P
100%
R
100%
S
100%
T
100%
U
100%
Q
90%
V
90%
Y
90%
Z
90%
W
80%
X
80%
No matching quizzes found
Score Distribution
Percent of People with Each Score
Percentile by Number Answered
Your Score History
You have not taken this quiz